La tragedia de la reina

Relata desde un punto de vista del catolicismo la reforma inglesa y sobre su gobernante del momento, la reina Maria. Bajo la narración de un tercero (Guy Manton), se narra la historia de la reina Mary, su llegada al poder, su fracaso como gobernante y su incapacidad de comprender el estado de ánimo...

ver descrição completa

Na minha lista:
Detalhes bibliográficos
Autor principal: Benson, Roberto Hugo, Pbro
Formato: Livro
Idioma:Undetermined
Publicado em: Barcelona, España Gustavo Gili 1910
Assuntos:
Tags: Adicionar Tag
Sem tags, seja o primeiro a adicionar uma tag!

MARC

LEADER 00000nam a2200000Ia 4500
008 170316s9999 xx 000 0 und d
040 |a cru BVZT 
090 |a 820 B-12t 
100 |a Benson, Roberto Hugo, Pbro. 
245 |a La tragedia de la reina 
260 |a Barcelona, España 
260 |b Gustavo Gili 
260 |c 1910 
300 |a 423 páginas 
520 |a Relata desde un punto de vista del catolicismo la reforma inglesa y sobre su gobernante del momento, la reina Maria. Bajo la narración de un tercero (Guy Manton), se narra la historia de la reina Mary, su llegada al poder, su fracaso como gobernante y su incapacidad de comprender el estado de ánimo de su pueblo y cortesanos para tomar decisiones, lo que la lleva a tomar malas y apresuradas decisiones que finalizan con el traspaso de su título hacia su hermana, Isabela. 
650 |a LITERATURA INGLESA  |9 12 
999 |c 6715  |d 6715 
942 |c 15 D  |h 820 B-12t  |2 z